Statistics for All characters in PVZ GW2

Click here to take the quiz!

General Stats

  • This quiz has been taken 98 times
  • The average score is 33 of 119

Answer Stats

Peashooters% Correct
Peashooter
95%
Sunflower
82%
Chomper
78%
Fire Pea
76%
Ice Pea
76%
Plasma Pea
71%
Agent Pea
65%
Rock Pea
65%
Cactus
64%
Imp
64%
Toxic Pea
62%
Rose
60%
Electric Pea
58%
Engineer
56%
Citron
55%
Law Pea
53%
Commando Pea
51%
Scientist
51%
Fire Flower
49%
Kernel Corn
49%
Super Brainz
49%
Foot Soldier
47%
Fire Chomper
45%
All Star
44%
Fire Cactus
44%
Toxic Chomper
40%
Vampire Flower
40%
Ice Cactus
36%
Chomp Thing
33%
Fire Rose
33%
Torchwood
33%
Yeti Chomper
33%
Captain Deadbeard
31%
Party Corn
31%
Toxic Citron
31%
Unicorn Chomper
31%
Metal Petal
29%
Party Rose
29%
Shadow Flower
29%
Alien Flower
27%
Party Imp
27%
Toxic Brainz
27%
Twilight Chomper
27%
Commando Corn
25%
Cosmic Brainz
25%
Electric Flower
25%
Electro Brainz
25%
Iron Citron
25%
Party Citron
25%
BBQ Corn
24%
Count Chompula
24%
Disco Chomper
24%
Party Brainz
24%
Stuffy Flower
24%
Camo Cactus
22%
Centurion
22%
Electric Chomper
22%
Frost Rose
22%
Future Cactus
22%
Hot Rod Chomper
22%
Pylon Imp
22%
Zen Cactus
22%
Breakfast Brainz
20%
Druid Rose
20%
Electrician
20%
Frozen Citron
20%
Hockey Star
20%
Marine Biologist
20%
Tank Commander
20%
Cricket Star
18%
Electro Citron
18%
Jade Cactus
18%
Mechanic
18%
Mob Cob
18%
Petrified Cactus
18%
Pops Corn
18%
Rugby Star
18%
Sun Pharaoh
18%
Super Commando
18%
Captain Cannon
16%
Captain Flameface
16%
Chemist
16%
Hovergoat
16%
Nec' Rose
16%
Power Cactus
16%
Welder
16%
Baseball Star
15%
Camo Ranger
15%
Computer Scientist
15%
Goalie Star
15%
Plumber
15%
Roadie Z
15%
Shrimp Imp
15%
Sky Trooper
15%
Tennis Star
15%
AC Perry
13%
General Supremo
13%
Landscaper
13%
Scuba Soldier
13%
Golf Star
11%
Lil' Drake
11%
Paleontologist
11%
Sanitation Expert
11%
Wrestling Star
11%
Armored Chomper
9%
Captain Sharkbite
9%
Dr Toxic
9%
Moto X Star
9%
Park Ranger
9%
Physicist
9%
Zoologist
9%
Artic Trooper
7%
Captain Partyman
7%
Archaeologist
5%
Painter
5%
Captain Squack
4%
Astronaught
0%
Scalawag Imp
0%
Sheriff Cactus
0%

Score Distribution

Percentile by Number Answered

Percent of People with Each Score

Your Score History

You have not taken this quiz